000 006690000a22002290004500
003 LK-CoMWRAF
005 20240211050134.0
008 230817t ||||| |||| 00| 0 eng d
020 _a189122901X
040 _aLK-CoMWRAF
_dLK-CoMWRAF
_eLK-CoMWRAF
041 _aeng
082 _a152.6
_bJIB
100 _aJibaly, Muhammad Al
245 _aSickness :
_bRegulations & exbortations
260 _aTexas :
_bAl-Kitaab & as-Sunnah Publishing,
_c1998
300 _a143 p.
490 _aInevitable Journey Part I
650 _aHealth
650 _aIslamic Medecine
856 _uhttps://www.kalamullah.com/Books/Sickness-Regulations-Exhortations.pdf
942 _cBK
999 _c1620
_d1620